000 00434nam a2200169Ia 4500
008 090711s9999 xx 000 0 und d
082 _b77939
100 _aमाने लक्ष्मण
245 _aउपरा
260 _c1980
300 _a157
600 _aमाने लक्ष्मण
630 _aउपरा
700 _aमाने लक्ष्मण
730 _aउपरा
942 _cBOOK
999 _c301525
_d301525